Normal view
MARC view
Entry Corporate Name
001 - CONTROL NUMBER
- control field: 556461
003 - CONTROL NUMBER IDENTIFIER
- control field: OSt
005 - DATE AND TIME OF LATEST TRANSACTION
- control field: 20220930094840.0
008 - FIXED-LENGTH DATA ELEMENTS
- fixed length control field: 220930|| aca||aabn | a|a d
040 ## - CATALOGING SOURCE
- Original cataloging agency: OSt
- Transcribing agency: OSt
110 ## - HEADING--CORPORATE NAME
- Corporate name or jurisdiction name as entry element: दिल्ली विश्वविद्यालय. संगीत एवं ललित कला संकाय. संगीत एवं ललित कला विभाग
670 ## - SOURCE DATA FOUND
- Source citation: Work cat.: (OSt)887774: पाण्डे, निशा, तराना, 2013
